[Event "Titled Tuesday intern op 29th Aug Late"]
[Site "Chess.com INT"]
[Date "2023.08.29"]
[Round "4"]
[White "Burmakin, Vladimir"]
[Black "Kushko, Dmitriy"]
[Result "1-0"]
[WhiteElo "2476"]
[BlackElo "2426"]
[PlyCount "157"]
[EventDate "2023.08.29"]
[EventType "swiss (blitz)"]
[EventRounds "11"]
[EventCountry "USA"]
[SourceTitle "EXT 2024"]
[Source "ChessBase"]
[SourceDate "2023.10.10"]
[SourceVersion "1"]
[SourceVersionDate "2023.10.10"]
[SourceQuality "1"]

1. c4 g6 2. d4 Bg7 3. e4 d6 4. h3 e5 5. d5 a5 6. Bd3 Na6 7. Be3 Bh6 8. Bxh6 Nxh6 9. Nf3 Nc5 10. Bc2 f5 11. Nc3 0-0 12. Qd2 Kg7 13. b3 b6 14. exf5 Nxf5 15. 0-0 Nh4 16. Nh2 Bd7 17. Ne4 Rf4 18. Rae1 h6 19. f3 Nf5 20. Nxc5 bxc5 21. Be4 Ng3 22. Rf2 Qh4 23. Nf1 Nxe4 24. fxe4 Rxf2 25. Qxf2 Qxf2+ 26. Kxf2 a4 27. Rb1 axb3 28. axb3 Ra2+ 29. Kg1 Re2 30. Ng3 Rc2 31. Nf1 h5 32. Ra1 Rb2 33. Ra7 Kf6 34. Rxc7 Ke7 35. Rb7 Kd8 36. Rb8+ Bc8 37. Rb6 Kc7 38. Rc6+ Kd7 39. Rb6 Kc7 40. Rc6+ Kd7 41. Rb6 h4 42. Ne3 Re2 43. Ng4 Kc7 44. Rc6+ Kd7 45. Nf6+ Ke7 46. Rxc8 Kxf6 47. Re8 Rxe4 48. Re6+ Kf5 49. Rxd6 Re1+ 50. Kh2 Rb1 51. Rc6 Rxb3 52. Rxc5 e4 53. Rc6 e3 54. Re6 Kf4 55. d6 Rd3 56. c5 Rd5 57. c6 Kf5 58. c7 Kxe6 59. c8Q+ Kxd6 60. Qe8 Re5 61. Qxg6+ Re6 62. Qd3+ Ke7 63. Qe2 Kf6 64. Kg1 Ke7 65. Kf1 Kd6 66. Ke1 Re4 67. Qf3 Ke5 68. Ke2 Kd4 69. Qf6+ Kd5 70. Qf5+ Kd4 71. Qd7+ Ke5 72. Qe7+ Kd5 73. Qd7+ Ke5 74. Qc6 Kf5 75. Qd5+ Kf4 76. Qh5 Re5 77. Qxh4+ Kf5 78. Qh5+ Ke4 79. Qxe5+ 1-0

[Event "Titled Tuesday intern op 29th Aug Late"]
[Site "Chess.com INT"]
[Date "2023.08.29"]
[Round "9"]
[White "Oro, Faustino"]
[Black "Burmakin, Vladimir"]
[Result "1/2-1/2"]
[WhiteElo "2316"]
[BlackElo "2476"]
[PlyCount "177"]
[EventDate "2023.08.29"]
[EventType "swiss (blitz)"]
[EventRounds "11"]
[EventCountry "USA"]
[SourceTitle "EXT 2024"]
[Source "ChessBase"]
[SourceDate "2023.10.10"]
[SourceVersion "1"]
[SourceVersionDate "2023.10.10"]
[SourceQuality "1"]

1. e4 d5 2. exd5 Qxd5 3. Nc3 Qd6 4. d4 c6 5. Nf3 Nf6 6. Bc4 Be6 7. Bd3 Nbd7 8. 0-0 g6 9. h3 Bg7 10. Ng5 Bd5 11. Nxd5 cxd5 12. Re1 0-0 13. Nf3 e6 14. c3 Qc7 15. Bg5 Qc6 16. Qe2 a6 17. a4 Ne8 18. Be7 Nd6 19. Bxf8 Rxf8 20. a5 Rc8 21. Nd2 Bf6 22. Nf3 Bd8 23. Ne5 Nxe5 24. Qxe5 Bc7 25. Qf6 Qd7 26. h4 Ne8 27. Qf3 Ng7 28. g3 Qd8 29. b4 Bd6 30. Bf1 Bc7 31. Qd3 Qd6 32. b5 axb5 33. Qxb5 Nf5 34. Bg2 Rb8 35. Reb1 Qd8 36. a6 bxa6 37. Qxa6 Rxb1+ 38. Rxb1 Bd6 39. Qb6 Qf8 40. Qc6 h5 41. Rb7 Qd8 42. Qd7 Qxd7 43. Rxd7 Ba3 44. Bf1 Bb2 45. Rc7 Nd6 46. Bd3 Kf8 47. Kf1 Ne8 48. Rc8 Ke7 49. Ke2 Nd6 50. Rc5 Ne8 51. Kd2 Ba3 52. Ra5 Bd6 53. Ra7+ Kf8 54. Kc2 Nf6 55. Kd2 Ng4 56. Ke2 Nf6 57. c4 dxc4 58. Bxc4 Bb4 59. Rb7 Bc3 60. Kd3 Be1 61. Ke2 Bc3 62. Ke3 Ng4+ 63. Kd3 Be1 64. f3 Nf6 65. g4 hxg4 66. fxg4 Bxh4 67. Rb8+ Kg7 68. Rb7 Kf8 69. Bb5 Nxg4 70. Bc6 Nf6 71. Bf3 Bg3 72. Kc4 Bf4 73. Kc5 g5 74. Kc6 g4 75. Bg2 Kg7 76. Rb1 Be3 77. d5 exd5 78. Bxd5 Nxd5 79. Kxd5 Kg6 80. Ke4 Bf2 81. Kf4 g3 82. Kf3 f5 83. Rb8 Kg5 84. Rg8+ Kf6 85. Rf8+ Kg6 86. Rg8+ Kf6 87. Rf8+ Ke5 88. Re8+ Kf6 89. Rf8+ 1/2-1/2

[Event "St Petersburg Rapid 2023"]
[Site "St Petersburg"]
[Date "2023.08.27"]
[Round "10"]
[White "Burmakin, Vladimir"]
[Black "Volkov, Sergey"]
[Result "1/2-1/2"]
[WhiteElo "2476"]
[BlackElo "2464"]
[PlyCount "29"]
[EventDate "2023.08.26"]
[EventType "swiss (rapid)"]
[EventRounds "11"]
[EventCountry "RUS"]
[SourceTitle "EXT 2024"]
[Source "ChessBase"]
[SourceDate "2023.10.10"]
[SourceVersion "1"]
[SourceVersionDate "2023.10.10"]
[SourceQuality "1"]

1. Nf3 d5 2. g3 Nf6 3. c4 c6 4. Qc2 g6 5. b3 Bg7 6. Bb2 0-0 7. Bg2 a5 8. 0-0 Re8 9. d3 Bg4 10. Nbd2 Nbd7 11. h3 Bxf3 12. Nxf3 e6 13. Rfd1 Qe7 14. Rac1 Nh5 15. Bxg7 1/2-1/2

[Event "St Petersburg Rapid 2023"]
[Site "St Petersburg"]
[Date "2023.08.27"]
[Round "9"]
[White "Burmakin, Vladimir"]
[Black "Yanchenko, Roman"]
[Result "1-0"]
[WhiteElo "2476"]
[BlackElo "2466"]
[PlyCount "61"]
[EventDate "2023.08.26"]
[EventType "swiss (rapid)"]
[EventRounds "11"]
[EventCountry "RUS"]
[SourceTitle "EXT 2024"]
[Source "ChessBase"]
[SourceDate "2023.10.10"]
[SourceVersion "1"]
[SourceVersionDate "2023.10.10"]
[SourceQuality "1"]

1. d4 d5 2. Nf3 Nf6 3. c4 c6 4. e3 a6 5. Nbd2 Bf5 6. b4 Nbd7 7. Be2 Ne4 8. Qb3 e6 9. 0-0 Bd6 10. a4 h5 11. Bb2 Qb8 12. Rfd1 g5 13. c5 Bc7 14. b5 g4 15. b6 Bxh2+ 16. Nxh2 Nxf2 17. Nhf1 Ne4 18. Nxe4 Bxe4 19. Bd3 f5 20. Bxe4 fxe4 21. Nd2 Rf8 22. Nxe4 dxe4 23. Qxe6+ Kd8 24. d5 Qg3 25. Rf1 Qxe3+ 26. Kh1 Qxc5 27. dxc6 bxc6 28. Rxf8+ Qxf8 29. Rd1 Qe7 30. Qg8+ Qe8 31. Bf6+ 1-0

[Event "Titled Tuesday intern op 08th Aug Early"]
[Site "Chess.com INT"]
[Date "2023.08.08"]
[Round "5"]
[White "Burmakin, Vladimir"]
[Black "Fiorito, Joaquin"]
[Result "0-1"]
[WhiteElo "2476"]
[BlackElo "2409"]
[PlyCount "58"]
[EventDate "2023.08.08"]
[EventType "swiss (blitz)"]
[EventRounds "11"]
[EventCountry "USA"]
[SourceTitle "EXT 2024"]
[Source "ChessBase"]
[SourceDate "2023.10.10"]
[SourceVersion "1"]
[SourceVersionDate "2023.10.10"]
[SourceQuality "1"]

1. c4 Nf6 2. g3 e6 3. Bg2 d5 4. Nf3 dxc4 5. Qa4+ Nbd7 6. 0-0 a6 7. Qxc4 b5 8. Qc2 Bb7 9. a4 c5 10. Nc3 Qb6 11. Ne1 Bxg2 12. Nxg2 Rc8 13. axb5 axb5 14. d3 Bd6 15. Qb3 Rb8 16. Be3 0-0 17. Ra2 Qc6 18. Rfa1 c4 19. dxc4 bxc4 20. Qd1 Nc5 21. Bxc5 Bxc5 22. Ra6 Qb7 23. R6a5 Qc7 24. Qc2 Rfd8 25. Ne1 Bd4 26. Nf3 Bb6 27. R5a4 Rbc8 28. Rc1 Qc6 29. Nd2 Ng4 0-1

[Event "Titled Tuesday intern op 08th Aug Early"]
[Site "Chess.com INT"]
[Date "2023.08.08"]
[Round "11"]
[White "Burmakin, Vladimir"]
[Black "Weetik, Vjacheslav"]
[Result "0-1"]
[WhiteElo "2476"]
[BlackElo "2423"]
[PlyCount "142"]
[EventDate "2023.08.08"]
[EventType "swiss (blitz)"]
[EventRounds "11"]
[EventCountry "USA"]
[SourceTitle "EXT 2024"]
[Source "ChessBase"]
[SourceDate "2023.10.10"]
[SourceVersion "1"]
[SourceVersionDate "2023.10.10"]
[SourceQuality "1"]

1. c4 Nf6 2. g3 c6 3. Bg2 d5 4. Qc2 e5 5. d3 Bd6 6. Nc3 d4 7. Ne4 Nxe4 8. Bxe4 Nd7 9. Bg2 a5 10. Nf3 0-0 11. 0-0 Nc5 12. e3 Bf5 13. e4 Bd7 14. Nd2 Qc7 15. b3 b5 16. a3 Ne6 17. Bb2 Rab8 18. Rfc1 Rfc8 19. Qd1 Qd8 20. Bf1 Qe7 21. Rc2 b4 22. a4 Nc5 23. Rcc1 g6 24. Qe2 f5 25. Bg2 Rf8 26. exf5 gxf5 27. Rf1 Rbe8 28. Rae1 Qf7 29. f3 Qg6 30. Rf2 h6 31. Bf1 Kh7 32. Qd1 f4 33. Rg2 Bh3 34. Ne4 Nxe4 35. dxe4 Rg8 36. Bc1 Bxg2 37. Kxg2 fxg3 38. h3 c5 39. Bd3 Ref8 40. f4 Qf6 41. f5 Be7 42. Rf1 Qg7 43. Qf3 Bg5 44. Bxg5 Qxg5 45. Rd1 Rf6 46. Be2 Qh4 47. Rd3 Rg5 48. Bd1 Rf8 49. Be2 Rf6 50. Bd1 Kg7 51. Be2 Kf8 52. Bd1 Ke7 53. Be2 Kd6 54. Bd1 Qf4 55. Be2 h5 56. Bd1 h4 57. Be2 Qc1 58. Rd1 Qf4 59. Rd3 Qxf3+ 60. Bxf3 Rf8 61. Rd2 Ke7 62. Rd3 Kf6 63. Bd1 Rg7 64. Bf3 Re7 65. Bd1 Kg5 66. Bf3 Rxf5 67. exf5 e4 68. Bxe4 Rxe4 69. Rf3 Re2+ 70. Kf1 Rf2+ 71. Rxf2 gxf2 0-1

[Event "Titled Tuesday intern op 01st Aug Early"]
[Site "Chess.com INT"]
[Date "2023.08.01"]
[Round "9"]
[White "Burmakin, Vladimir"]
[Black "Kushko, Dmitriy"]
[Result "0-1"]
[WhiteElo "2476"]
[BlackElo "2426"]
[PlyCount "84"]
[EventDate "2023.08.01"]
[EventType "swiss (blitz)"]
[EventRounds "11"]
[EventCountry "USA"]
[SourceTitle "EXT 2024"]
[Source "ChessBase"]
[SourceDate "2023.10.10"]
[SourceVersion "1"]
[SourceVersionDate "2023.10.10"]
[SourceQuality "1"]

1. c4 g6 2. g3 Bg7 3. Bg2 Nf6 4. Nc3 0-0 5. d4 d6 6. e4 c5 7. d5 e6 8. Nge2 exd5 9. cxd5 Re8 10. a4 Na6 11. 0-0 Nb4 12. h3 b6 13. Re1 Ba6 14. Nf4 Nd7 15. Nb5 Ne5 16. Bd2 Nbd3 17. Re2 Nxb2 18. Qc2 Nbd3 19. Bc3 Bxb5 20. axb5 c4 21. Re3 Qd7 22. Rb1 a5 23. bxa6 Rxa6 24. Bf1 Rc8 25. Qd2 Nc5 26. Bxe5 dxe5 27. Ne2 b5 28. Qb4 Rb6 29. Nc3 Bf8 30. Qa5 Rcb8 31. Nd1 Nb3 32. Qc3 Nd4 33. Qb2 Qc7 34. Ra1 b4 35. Rc1 c3 36. Nxc3 bxc3 37. Qxc3 Qxc3 38. Rexc3 Bd6 39. Kg2 Kg7 40. Rc8 Rxc8 41. Rxc8 h5 42. Bc4 Kf6 0-1

[Event "Titled Tuesday intern op 01st Aug Early"]
[Site "Chess.com INT"]
[Date "2023.08.01"]
[Round "6"]
[White "Fernandez Garcia, Gumersindo"]
[Black "Burmakin, Vladimir"]
[Result "0-1"]
[WhiteElo "2162"]
[BlackElo "2476"]
[PlyCount "74"]
[EventDate "2023.08.01"]
[EventType "swiss (blitz)"]
[EventRounds "11"]
[EventCountry "USA"]
[SourceTitle "EXT 2024"]
[Source "ChessBase"]
[SourceDate "2023.10.10"]
[SourceVersion "1"]
[SourceVersionDate "2023.10.10"]
[SourceQuality "1"]

1. e4 c6 2. c4 d5 3. cxd5 cxd5 4. exd5 Nf6 5. Nc3 Nxd5 6. Nf3 e6 7. d4 Nxc3 8. bxc3 Qc7 9. Bd2 Be7 10. Bd3 Nd7 11. 0-0 0-0 12. Rc1 Rd8 13. Qe2 Nf8 14. Ne5 b6 15. Qf3 Bf6 16. Nxf7 Kxf7 17. Qxa8 Bb7 18. Qxa7 Ra8 19. Qxa8 Bxa8 20. Rfe1 Bd5 21. a4 Bc4 22. Be4 Ng6 23. g3 Ne7 24. Bf4 Qd7 25. Rb1 Nd5 26. Bxd5 Bxd5 27. Rxb6 Qxa4 28. h4 Qc2 29. Rbb1 Qxc3 30. Be5 Qf3 31. Kf1 Qg2+ 32. Ke2 Bxe5 33. dxe5 Bc4+ 34. Ke3 Qd5 35. f4 Qd3+ 36. Kf2 Bd5 37. Re3 Qxb1 0-1

[Event "Titled Tuesday intern op 04th Jul Early"]
[Site "Chess.com INT"]
[Date "2023.07.04"]
[Round "1"]
[White "Burmakin, Vladimir"]
[Black "Bashirli, Saadat"]
[Result "1/2-1/2"]
[WhiteElo "2476"]
[BlackElo "1647"]
[PlyCount "125"]
[EventDate "2023.07.04"]
[EventType "swiss (blitz)"]
[EventRounds "11"]
[EventCountry "USA"]
[SourceTitle "EXT 2024"]
[Source "ChessBase"]
[SourceDate "2023.10.10"]
[SourceVersion "1"]
[SourceVersionDate "2023.10.10"]
[SourceQuality "1"]

1. d4 d5 2. c4 c6 3. Nf3 e6 4. Nbd2 Nf6 5. Qc2 dxc4 6. Nxc4 b5 7. Ncd2 Bb7 8. e3 Nbd7 9. Nb3 Bd6 10. Bd2 0-0 11. Ba5 Qe7 12. Be2 a6 13. 0-0 c5 14. dxc5 Nxc5 15. Nxc5 Bxc5 16. Rac1 Rac8 17. Qb1 Ba7 18. a3 h6 19. Bb4 Bc5 20. Rxc5 Rxc5 21. Nd4 Qc7 22. Bxc5 Qxc5 23. Rc1 Qb6 24. Qd3 Rd8 25. Qc3 Rc8 26. Qe1 Qd8 27. Rxc8 Qxc8 28. h3 Qc7 29. Qd1 Bd5 30. a4 bxa4 31. Bxa6 Qb6 32. Bf1 Qxb2 33. Qxa4 Qc1 34. Ne2 Qe1 35. Nf4 Be4 36. Qd4 Kh7 37. Nh5 Nxh5 38. Qxe4+ g6 39. Qb7 Kg7 40. Qb2+ Nf6 41. g4 g5 42. Kg2 Qd1 43. f3 Qe1 44. Qd4 h5 45. f4 Qh4 46. Be2 hxg4 47. hxg4 gxf4 48. exf4 Kh7 49. g5 Ng4 50. Bd3+ Kg8 51. Qd8+ Kg7 52. Qd4+ Kg8 53. Qd8+ Kg7 54. Qd4+ e5 55. fxe5 Qh2+ 56. Kf3 Nxe5+ 57. Ke4 f6 58. gxf6+ Kxf6 59. Qd6+ Kg7 60. Qe7+ Nf7 61. Kd4 Qf4+ 62. Qe4 Qxe4+ 63. Bxe4 1/2-1/2

[Event "Titled Tuesday intern op 04th Jul Early"]
[Site "Chess.com INT"]
[Date "2023.07.04"]
[Round "2"]
[White "Zia, Tahsin Tajwar"]
[Black "Burmakin, Vladimir"]
[Result "1-0"]
[WhiteElo "2345"]
[BlackElo "2476"]
[PlyCount "125"]
[EventDate "2023.07.04"]
[EventType "swiss (blitz)"]
[EventRounds "11"]
[EventCountry "USA"]
[SourceTitle "EXT 2024"]
[Source "ChessBase"]
[SourceDate "2023.10.10"]
[SourceVersion "1"]
[SourceVersionDate "2023.10.10"]
[SourceQuality "1"]

1. Nf3 d5 2. c4 c6 3. d4 Nf6 4. Nc3 e6 5. Qd3 Nbd7 6. g3 Be7 7. Bg2 0-0 8. 0-0 a6 9. e4 dxe4 10. Nxe4 Nxe4 11. Qxe4 Nf6 12. Qc2 c5 13. Rd1 cxd4 14. Nxd4 Qc7 15. b3 Bd7 16. Bb2 Rfd8 17. Rac1 Rac8 18. h3 Be8 19. Qe2 h6 20. Nf3 Rxd1+ 21. Rxd1 b5 22. Ne5 bxc4 23. bxc4 Qa5 24. Bd4 Qc7 25. Rb1 Bc5 26. Rb7 Qd6 27. Bxc5 Rxc5 28. f4 Ra5 29. Kh2 Ra3 30. Rb3 a5 31. Qc2 Rxb3 32. axb3 Qc5 33. Nd3 Qd4 34. c5 Bb5 35. Ne5 Ne8 36. c6 Nc7 37. Qa2 Qb4 38. Qc2 Qd4 39. Qa2 Qc3 40. Qf2 f6 41. Nc4 Qxb3 42. Qb6 Qxc4 43. Qxc7 Kh7 44. Qd6 Qc2 45. c7 Bf1 46. Qc6 Qxc6 47. Bxc6 Ba6 48. Bd7 e5 49. fxe5 fxe5 50. c8Q Bxc8 51. Bxc8 a4 52. Be6 Kg6 53. Kg2 Kf6 54. Bc4 Kf5 55. Kf3 h5 56. Bd3+ Ke6 57. Ke4 a3 58. Bc4+ Kf6 59. Ba2 g6 60. Bb3 g5 61. Ba2 h4 62. g4 Kg6 63. Kxe5 1-0

[Event "Bhubaneswar op-A 14th"]
[Site "Bhubaneswar"]
[Date "2023.06.15"]
[Round "6"]
[White "Burmakin, Vladimir"]
[Black "Savchenko, Boris"]
[Result "1/2-1/2"]
[WhiteElo "2492"]
[BlackElo "2524"]
[PlyCount "68"]
[EventDate "2023.06.11"]
[EventType "swiss"]
[EventRounds "10"]
[EventCountry "IND"]
[SourceTitle "CBM 214 Extra"]
[Source "ChessBase"]
[SourceDate "2023.07.31"]
[SourceVersion "1"]
[SourceVersionDate "2023.07.31"]
[SourceQuality "1"]

1. d4 e6 2. g3 c5 3. c3 d5 4. Nf3 Nf6 5. Bg2 b6 6. c4 dxc4 7. Ne5 Nd5 8. 0-0 Bb7 9. Qa4+ Nd7 10. Rd1 f6 11. Nxd7 Qxd7 12. Qxd7+ Kxd7 13. dxc5 Kc7 14. Na3 Bxc5 15. Nxc4 Rhd8 16. Bd2 Rd7 17. Bh3 Re8 18. e4 Nb4 19. Bf4+ Kd8 20. Rxd7+ Kxd7 21. Rd1+ Ke7 22. a3 Nc6 23. b4 g5 24. bxc5 gxf4 25. cxb6 Ne5 26. Nxe5 fxe5 27. bxa7 Ra8 28. Rc1 Kd6 29. gxf4 exf4 30. e5+ Kxe5 31. Re1+ Kd4 32. Rxe6 Rxa7 33. Re7 Rxa3 34. Rxb7 Rxh3 1/2-1/2

[Event "Bhubaneswar op-A 14th"]
[Site "Bhubaneswar"]
[Date "2023.06.13"]
[Round "4"]
[White "Burmakin, Vladimir"]
[Black "Soumick, Bandopadhyay"]
[Result "1-0"]
[WhiteElo "2492"]
[BlackElo "1573"]
[PlyCount "81"]
[EventDate "2023.06.11"]
[EventType "swiss"]
[EventRounds "10"]
[EventCountry "IND"]
[SourceTitle "CBM 214 Extra"]
[Source "ChessBase"]
[SourceDate "2023.07.31"]
[SourceVersion "1"]
[SourceVersionDate "2023.07.31"]
[SourceQuality "1"]

1. Nf3 c5 2. g3 Nc6 3. Bg2 Nf6 4. 0-0 e5 5. c4 Be7 6. Nc3 d6 7. d3 0-0 8. a3 h6 9. Nd2 a5 10. Nde4 Be6 11. Nxf6+ Bxf6 12. Bd2 Qd7 13. Rb1 Bd8 14. b3 Bh3 15. e3 Bxg2 16. Kxg2 Ne7 17. Qf3 Rb8 18. b4 axb4 19. axb4 cxb4 20. Rxb4 Ba5 21. Rb5 Bxc3 22. Bxc3 Nc6 23. Rfb1 Rfe8 24. Rb6 e4 25. dxe4 Ne5 26. Qe2 Qc7 27. R1b4 Nc6 28. Qg4 f5 29. exf5 Nxb4 30. Rxb4 Qf7 31. f6 g6 32. Qf4 Qf8 33. Rb6 Rec8 34. Rxd6 Qf7 35. Qxh6 Rxc4 36. Be5 Rc5 37. Re6 Rxe5 38. Rxe5 Qxf6 39. Rg5 Qc6+ 40. Kh3 Qd7+ 41. g4 1-0

[Event "Maharashtra op 2nd"]
[Site "Nagpur"]
[Date "2023.06.06"]
[Round "8"]
[White "Mayank, Chakraborty"]
[Black "Burmakin, Vladimir"]
[Result "1-0"]
[WhiteElo "2141"]
[BlackElo "2496"]
[PlyCount "97"]
[EventDate "2023.06.01"]
[EventType "swiss"]
[EventRounds "11"]
[EventCountry "IND"]
[SourceTitle "CBM 214 Extra"]
[Source "ChessBase"]
[SourceDate "2023.07.31"]
[SourceVersion "1"]
[SourceVersionDate "2023.07.31"]
[SourceQuality "1"]

1. e4 c6 2. d4 d5 3. exd5 cxd5 4. c4 Nf6 5. Nc3 g6 6. Qb3 Bg7 7. cxd5 0-0 8. Be2 Qb6 9. Bf3 Na6 10. Nge2 Bg4 11. d6 Bxf3 12. dxe7 Rfe8 13. Qxb6 axb6 14. gxf3 Nb4 15. 0-0 Rxe7 16. Rd1 Nfd5 17. Nxd5 Nxd5 18. Nc3 Rd7 19. Be3 f5 20. f4 Re8 21. Nxd5 Rxd5 22. Rac1 Re7 23. Rc3 Red7 24. Kg2 Kf7 25. Kf3 b5 26. Rb3 Bf8 27. a3 Ke6 28. Rc1 b4 29. Rc8 Be7 30. axb4 Bf6 31. Re8+ Kf7 32. Rb8 Ke6 33. b5 Bxd4 34. b6 Bxe3 35. Rxe3+ Kf6 36. Rf8+ Rf7 37. Rxf7+ Kxf7 38. Rc3 Kf6 39. Rc7 Rd3+ 40. Ke2 Rb3 41. Rxb7 Rxb2+ 42. Kf3 Rb3+ 43. Kg2 g5 44. Rxh7 Kg6 45. Rb7 g4 46. Rb8 Kg7 47. Kf1 Rb4 48. b7 Rb2 49. Ke1 1-0

[Event "Maharashtra op 2nd"]
[Site "Nagpur"]
[Date "2023.06.02"]
[Round "2"]
[White "Dere, Pushkar"]
[Black "Burmakin, Vladimir"]
[Result "0-1"]
[WhiteElo "2166"]
[BlackElo "2496"]
[PlyCount "114"]
[EventDate "2023.06.01"]
[EventType "swiss"]
[EventRounds "11"]
[EventCountry "IND"]
[SourceTitle "CBM 214 Extra"]
[Source "ChessBase"]
[SourceDate "2023.07.31"]
[SourceVersion "1"]
[SourceVersionDate "2023.07.31"]
[SourceQuality "1"]

1. e4 c6 2. d4 d6 3. Nc3 g6 4. Be3 Bg7 5. Qd2 b5 6. a3 Nd7 7. Nf3 Bb7 8. Be2 Qc7 9. h4 h6 10. h5 g5 11. d5 a6 12. Nd4 cxd5 13. Nxd5 Bxd5 14. exd5 Nb6 15. 0-0 Nc4 16. Bxc4 Qxc4 17. f4 g4 18. Nf5 Bxb2 19. Rae1 Kf8 20. Qd1 Nf6 21. Nxe7 Re8 22. Nf5 Qxd5 23. Qxd5 Nxd5 24. Bc1 Bxc1 25. Rxe8+ Kxe8 26. Rxc1 Nxf4 27. Rd1 Rg8 28. Nxd6+ Ke7 29. Nf5+ Ke6 30. Nxh6 Rg5 31. Re1+ Kd5 32. Nxf7 Rxh5 33. g3 Ne6 34. Rd1+ Kc5 35. Rd3 Nd4 36. Kg2 Nf3 37. Rc3+ Kd5 38. Rd3+ Ke6 39. Nd8+ Kf6 40. Rc3 Rh2+ 41. Kf1 Nd4 42. Rc7 Rxc2 43. Rf7+ Ke5 44. Rf4 Nf5 45. Nf7+ Ke6 46. Nd8+ Kf6 47. Ke1 Rc4 48. Nb7 Rxf4 49. gxf4 Nd4 50. Nd6 Ke6 51. Ne4 Kf5 52. Nc5 a5 53. Nb7 a4 54. Kf2 Kxf4 55. Nd6 Ke5 56. Nf7+ Kd5 57. Nh6 b4 0-1

[Event "Wch Blitz"]
[Site "Almaty"]
[Date "2022.12.30"]
[Round "15"]
[White "Burmakin, Vladimir"]
[Black "Khripachenko, Alexander"]
[Result "0-1"]
[WhiteElo "2513"]
[BlackElo "2301"]
[PlyCount "136"]
[EventDate "2022.12.29"]
[EventType "swiss (blitz)"]
[EventRounds "21"]
[EventCountry "KAZ"]
[SourceTitle "CBM 212"]
[Source "ChessBase"]
[SourceDate "2023.02.28"]
[SourceVersion "1"]
[SourceVersionDate "2023.02.28"]
[SourceQuality "1"]

1. Nf3 d5 2. g3 Nf6 3. Bg2 g6 4. b3 Bg7 5. Bb2 0-0 6. c4 dxc4 7. bxc4 c5 8. 0-0 Nc6 9. d3 Qc7 10. Nc3 Rd8 11. Rb1 Be6 12. Qa4 b6 13. Rfe1 Bd7 14. Qb3 Rac8 15. Nd5 Qd6 16. Nxf6+ Bxf6 17. Bxf6 Qxf6 18. Qb2 Qd6 19. Nd2 Nd4 20. Ne4 Qc7 21. Nc3 Bc6 22. Nd5 Qb7 23. e3 Nf5 24. Qe5 Qd7 25. h3 f6 26. Qc3 Kg7 27. h4 h5 28. Ra1 Rf8 29. Rad1 e6 30. Nf4 Bxg2 31. Nxg2 Rcd8 32. Nf4 Qc6 33. d4 cxd4 34. exd4 Rfe8 35. Qb3 Nxd4 36. Qe3 Nf3+ 37. Kf1 Nxe1 38. Rxe1 Qxc4+ 39. Kg1 e5 40. Ng2 Qd4 41. Qa3 a5 42. Ne3 Qd6 43. Qb3 Qb4 44. Qxb4 axb4 45. Rb1 Rd4 46. Nc2 Rd2 47. Nxb4 Rc8 48. a3 Rc3 49. a4 Rc4 50. Rb3 Rdd4 51. Na6 Rxa4 52. Rxb6 Rd2 53. Nc5 Raa2 54. Rb7+ Kg8 55. Ne4 Rd1+ 56. Kg2 Ra6 57. Nc5 Rc6 58. Ne4 Rd4 59. Kf3 Ra6 60. Rb3 Rc6 61. Ra3 Rdc4 62. Rb3 Ra4 63. Rd3 Kf7 64. Rb3 Ke6 65. Rd3 Rd4 66. Ra3 Rb4 67. Rd3 Rcc4 68. Nd2 e4+ 0-1

[Event "Wch Blitz"]
[Site "Almaty"]
[Date "2022.12.30"]
[Round "17"]
[White "Burmakin, Vladimir"]
[Black "Suleymenov, Alisher"]
[Result "1-0"]
[WhiteElo "2513"]
[BlackElo "2351"]
[PlyCount "119"]
[EventDate "2022.12.29"]
[EventType "swiss (blitz)"]
[EventRounds "21"]
[EventCountry "KAZ"]
[SourceTitle "CBM 212"]
[Source "ChessBase"]
[SourceDate "2023.02.28"]
[SourceVersion "1"]
[SourceVersionDate "2023.02.28"]
[SourceQuality "1"]

1. Nf3 Nf6 2. c4 g6 3. b3 Bg7 4. Bb2 0-0 5. g3 d6 6. d4 c5 7. Bg2 Bd7 8. 0-0 cxd4 9. Nxd4 Nc6 10. Nc3 a6 11. Nc2 Rb8 12. Nd5 Nxd5 13. Bxg7 Ne3 14. Nxe3 Kxg7 15. Rc1 Qa5 16. Qc2 Rfc8 17. Rfd1 Be6 18. Qb2+ Qe5 19. Qxe5+ Nxe5 20. Nd5 Kf8 21. Nb6 Rc7 22. f4 Nd7 23. Nd5 Bxd5 24. Bxd5 Rbc8 25. Ra1 e6 26. Bf3 Ke7 27. Rd2 Nf6 28. Rad1 Ne8 29. e4 b5 30. Be2 b4 31. a3 Rb7 32. Ra1 bxa3 33. Rxa3 Rc6 34. Bd1 Rb4 35. Rda2 Nc7 36. Kf2 f5 37. exf5 gxf5 38. h3 e5 39. g4 fxg4 40. hxg4 exf4 41. Kf3 d5 42. cxd5 Rd6 43. Bc2 h6 44. Bd3 Rxd5 45. Bc4 Rd4 46. Re2+ Kd6 47. Ra5 Rb8 48. Rh2 Rh8 49. Rf5 Kc6 50. Rf6+ Kc5 51. Rhxh6 Re8 52. Rxf4 Rd1 53. Rh5+ Kb6 54. g5 Nb5 55. g6 Nd4+ 56. Rxd4 Rxd4 57. g7 Rdd8 58. Rg5 Rg8 59. Bxg8 Rxg8 60. Kg4 1-0

[Event "Wch Blitz"]
[Site "Almaty"]
[Date "2022.12.30"]
[Round "19"]
[White "Haldorsen, Benjamin"]
[Black "Burmakin, Vladimir"]
[Result "0-1"]
[WhiteElo "2389"]
[BlackElo "2513"]
[PlyCount "63"]
[EventDate "2022.12.29"]
[EventType "swiss (blitz)"]
[EventRounds "21"]
[EventCountry "KAZ"]
[SourceTitle "CBM 212"]
[Source "ChessBase"]
[SourceDate "2023.02.28"]
[SourceVersion "1"]
[SourceVersionDate "2023.02.28"]
[SourceQuality "1"]

1. Nf3 d5 2. g3 c6 3. Bg2 Bf5 4. 0-0 e6 5. d3 Nf6 6. c4 Nbd7 7. Nc3 Be7 8. cxd5 exd5 9. Nh4 Be6 10. e4 dxe4 11. dxe4 Ne5 12. Qe2 Qd3 13. Qxd3 Nxd3 14. Nf3 0-0 15. Nd4 Bc4 16. b3 Ba6 17. Nf5 Bb4 18. Bd2 Rad8 19. Rfd1 Nb2 20. Nd5 Ba3 21. Re1 cxd5 22. Bc3 Nd3 23. Red1 dxe4 24. Bxf6 gxf6 25. Bxe4 Nc5 26. Bd5 Bd3 27. Ne3 Be4 28. b4 Bxb4 29. a3 Ba5 30. Rac1 Bxd5 31. Rxc5 Bf3 32. Rxd8 0-1

[Event "Wch Blitz"]
[Site "Almaty"]
[Date "2022.12.29"]
[Round "12"]
[White "Burmakin, Vladimir"]
[Black "Kostenko, Petr"]
[Result "0-1"]
[WhiteElo "2513"]
[BlackElo "2365"]
[PlyCount "130"]
[EventDate "2022.12.29"]
[EventType "swiss (blitz)"]
[EventRounds "21"]
[EventCountry "KAZ"]
[SourceTitle "CBM 212"]
[Source "ChessBase"]
[SourceDate "2023.02.28"]
[SourceVersion "1"]
[SourceVersionDate "2023.02.28"]
[SourceQuality "1"]

1. d4 e6 2. c4 Nf6 3. Nf3 d5 4. g3 dxc4 5. Qa4+ c6 6. Qxc4 b5 7. Qc2 Bb7 8. Bg2 Nbd7 9. a4 a6 10. Nfd2 Qb6 11. Nb3 c5 12. Bxb7 Qxb7 13. 0-0 c4 14. N3d2 Nb6 15. axb5 axb5 16. Rxa8+ Qxa8 17. b3 Qc6 18. bxc4 bxc4 19. Nc3 Be7 20. e4 0-0 21. Bb2 Rd8 22. Ra1 h6 23. Nf3 Bb4 24. Ne5 Qb7 25. f3 Rxd4 26. Rd1 Rxd1+ 27. Nxd1 Qc7 28. f4 Qc5+ 29. Kg2 c3 30. Bxc3 Bxc3 31. Qxc3 Nxe4 32. Qxc5 Nxc5 33. Nc3 f6 34. Nf3 Kf7 35. Nd4 Nd5 36. Nce2 g5 37. Kf3 f5 38. h3 Kf6 39. Nc6 Nd3 40. Ncd4 e5 41. fxe5+ Nxe5+ 42. Kg2 Nc4 43. Nf3 Nce3+ 44. Kf2 Nc2 45. Nd2 Ke6 46. Nc4 Nf6 47. Kf3 Kd5 48. Nb6+ Kc5 49. Na4+ Kc4 50. Nb6+ Kd3 51. Nc1+ Kd2 52. Nb3+ Kc3 53. Nc1 Nd4+ 54. Kg2 Kd2 55. Na2 Ne4 56. Nc4+ Ke2 57. Nb4 f4 58. gxf4 gxf4 59. Ne5 f3+ 60. Nxf3 Nxf3 61. Nd5 Nh4+ 62. Kh2 Kf3 63. Ne7 Nf6 64. Nc6 Kf4 65. Nd4 Nf3+ 0-1